New Houses Compact & Prefab (Record no. 2974)

000 -LEADER
fixed length control field 00236nam a2200097Ia 4500
008 - FIXED-LENGTH DATA ELEMENTS--GENERAL INFORMATION
fixed length control field 200302s9999 xx 000 0 und d
100 ## - MAIN ENTRY--PERSONAL NAME
Personal name Jacobo Krauel
245 ## - TITLE STATEMENT
Title New Houses Compact & Prefab
260 ## - PUBLICATION, DISTRIBUTION, ETC.
Name of publisher, distributor, etc. Link Publishers
300 ## - PHYSICAL DESCRIPTION
Extent 299 P.,
Holdings
Withdrawn status Lost status Damaged status Not for loan Permanent Location Current Location Date acquired Cost, normal purchase price Total Checkouts Full call number Barcode Date last seen Date last checked out Price effective from Koha item type
        BMS College of Architecture, Design and Planning BMS College of Architecture, Design and Planning 2020-03-03 2398.50 2 720 CL-UG58444 2024-04-19 2024-04-19 2020-03-03 UG Books from CL
Copyright © 2025, The Librarian, Library and Information Centre, BMSCA D&P, Bengaluru. All Rights Reserved
web counter

Powered by Koha